| 000 | 00796nam a2200229 c 4500 | ||
|---|---|---|---|
| 005 | 20200908073959.0 | ||
| 008 | 200908s nyua|||gr|||| 00| 0 eng d | ||
| 020 | _a9780878933181 | ||
| 040 |
_aCO-BoUCM _bspa _cDeissy Garcia _dDeissy Garcia |
||
| 041 | 0 | _aeng | |
| 100 | 1 |
_aGotelli, Nicholas _9100889 |
|
| 245 | 1 | 2 |
_aA primer of ecology _cNicholas J. Gotelli |
| 250 | _a4a.Ed. | ||
| 260 |
_bSinauer Associates _aNueva York _c2018 |
||
| 300 |
_axx, 291 páginas _bilustraciones |
||
| 504 | _aIncluye referencias bibliográficas | ||
| 650 |
_aEcología _xModelos matemáticos _9100890 |
||
| 650 | 7 |
_910124 _aBiología de población _xModelos matemáticos |
|
| 650 | 7 |
_913726 _aEcosistemas |
|
| 942 |
_cLIBRO _n0 _2DEWEY _a25 _e4 _h574.5248 _mG683p |
||
| 999 |
_c317669 _d317669 |
||